|
|
|
|
| LEADER |
00000nam a22000007a 4500 |
| 005 |
20190919225425.0 |
| 007 |
cr|||| |||| |
| 008 |
190919s2019 id |||||s|||| 00||0 eng d |
| 020 |
|
|
|a 9786139451555
|
| 035 |
|
|
|a 29659
|
| 040 |
|
|
|a vLex
|
| 090 |
|
|
|c 9599
|d 9599
|
| 100 |
1 |
|
|a Amarina, Bocut
|
| 245 |
1 |
0 |
|a Regional Government
|h [Recurso electrn̤ico] :
|b Challenge and Struggle /
|c Bocut Amarina, Bintang Rizky Sakinah
|
| 256 |
|
|
|a Servicio en ln̕ea
|
| 260 |
|
|
|a Yakarta:
|b Lambert Academic Publishing,
|c 2019
|
| 300 |
|
|
|a 1 recurso electrn̤ico
|
| 500 |
|
|
|a This book concern about the regional development in Sumbawa Island, Wes Nusa Tenggara Province at Indonesia. Interested in nature and governance at once, you should read out this book and implement it into daily life. The development of our country and nature will imply our social and also future. And that will be our hope to bring a bright future for nature and tourism. Moreover, people around the world also face what we do in anytime and anywhere.
|
| 506 |
1 |
|
|a Disponible solo en los productos indicados
|d vLex Global
|d vLex Global (Academic Edition, excluding Law Schools)
|d vLex Global (U.S. Academic Edition, Law Schools)
|d vLex Global (U.S. Academic Edition, excluding Law Schools)
|d vLex Global (Academic Edition, Law Schools)
|
| 650 |
0 |
4 |
|a Derecho Pb︢lico y Administrativo
|z Indonesia
|
| 700 |
1 |
|
|a Sakinah, Bintang Rizky
|
| 740 |
0 |
|
|a vLex Libros (Servicio en ln̕ea)
|
| 856 |
4 |
0 |
|u http://vlex.com/source/29659
|z Acceso restringido
|
| 942 |
|
|
|c BOOK
|
| 999 |
0 |
|
|a Public and Administrative Law
|